<?xml version="1.0" encoding="UTF-8"?>
<collection xmlns="http://www.loc.gov/MARC21/slim">
 <record>
  <leader>00481cam a2200157 7i4500</leader>
  <controlfield tag="001">0000128559</controlfield>
  <controlfield tag="005">20170208090000.0</controlfield>
  <controlfield tag="008">161214         my                  may   </controlfield>
  <datafield tag="020" ind1="#" ind2="0">
   <subfield code="a">9789671335604 </subfield>
  </datafield>
  <datafield tag="090" ind1="0" ind2="0">
   <subfield code="a">BP 170.85 </subfield>
   <subfield code="b">.I5 2016</subfield>
  </datafield>
  <datafield tag="245" ind1="1" ind2="0">
   <subfield code="a">Sentuhan Al-Akh 2  </subfield>
   <subfield code="c">by Inspector Saahab.</subfield>
  </datafield>
  <datafield tag="260" ind1="#" ind2="#">
   <subfield code="a">Selangor: </subfield>
   <subfield code="b">Muassis, </subfield>
   <subfield code="c">2016.</subfield>
  </datafield>
  <datafield tag="300" ind1="#" ind2="#">
   <subfield code="a">165 p.; </subfield>
   <subfield code="c">19 cm..</subfield>
  </datafield>
  <datafield tag="590" ind1="#" ind2="#">
   <subfield code="a">Perpustakaan Sultanah Nur Zahirah</subfield>
  </datafield>
  <datafield tag="650" ind1="0" ind2="0">
   <subfield code="a">Da'wah (Islam) </subfield>
  </datafield>
  <datafield tag="999" ind1=" " ind2=" ">
   <subfield code="a">1100098874</subfield>
   <subfield code="b">Book</subfield>
   <subfield code="c">Open Shelf</subfield>
   <subfield code="e">KOLEKSI TERBUKA</subfield>
  </datafield>
 </record>
</collection>
